<?xml version="1.0" encoding="UTF-8"?>
<record
    xmlns:xsi="http://www.w3.org/2001/XMLSchema-instance"
    xsi:schemaLocation="http://www.loc.gov/MARC21/slim http://www.loc.gov/standards/marcxml/schema/MARC21slim.xsd"
    xmlns="http://www.loc.gov/MARC21/slim">

  <leader>01840na  a2200481   4500</leader>
  <controlfield tag="001">22257</controlfield>
  <controlfield tag="003">MIRAKIL</controlfield>
  <controlfield tag="005">20181226092844.0</controlfield>
  <controlfield tag="008">170212b        tu  n0        0    0     </controlfield>
  <datafield tag="035" ind1=" " ind2=" ">
    <subfield code="a">20919</subfield>
  </datafield>
  <datafield tag="040" ind1=" " ind2=" ">
    <subfield code="a">Milas</subfield>
    <subfield code="b">tur</subfield>
    <subfield code="c">TR-AnCHP</subfield>
  </datafield>
  <datafield tag="041" ind1=" " ind2=" ">
    <subfield code="a">tur</subfield>
  </datafield>
  <datafield tag="090" ind1=" " ind2=" ">
    <subfield code="a">CHP 079 ULUS</subfield>
  </datafield>
  <datafield tag="130" ind1=" " ind2=" ">
    <subfield code="a">Ulus (Ankara, T&#xFC;rkiye)</subfield>
  </datafield>
  <datafield tag="222" ind1=" " ind2=" ">
    <subfield code="a">Ulus gazetesi</subfield>
  </datafield>
  <datafield tag="245" ind1=" " ind2=" ">
    <subfield code="a">Ulus gazetesi</subfield>
  </datafield>
  <datafield tag="246" ind1=" " ind2=" ">
    <subfield code="a">Ulus ad&#x131;m&#x131;z and&#x131;m&#x131;zd&#x131;r</subfield>
  </datafield>
  <datafield tag="246" ind1=" " ind2=" ">
    <subfield code="a">Hakimiyet-i milliye</subfield>
    <subfield code="f">1920-1934</subfield>
  </datafield>
  <datafield tag="246" ind1=" " ind2=" ">
    <subfield code="a">Yeni ulus</subfield>
    <subfield code="f">1953-1954</subfield>
  </datafield>
  <datafield tag="246" ind1=" " ind2=" ">
    <subfield code="a">Halk&#xE7;&#x131;</subfield>
    <subfield code="f">1954-1955</subfield>
  </datafield>
  <datafield tag="246" ind1=" " ind2=" ">
    <subfield code="a">Bar&#x131;&#x15F;</subfield>
    <subfield code="f">1971-1986</subfield>
  </datafield>
  <datafield tag="246" ind1=" " ind2=" ">
    <subfield code="a">Meydan</subfield>
    <subfield code="f">1987-1990</subfield>
  </datafield>
  <datafield tag="260" ind1=" " ind2=" ">
    <subfield code="a">Ankara</subfield>
    <subfield code="b">Ulus Gazetecilik San. ve Tic. A.&#x15E;.</subfield>
    <subfield code="c">1919-</subfield>
  </datafield>
  <datafield tag="300" ind1=" " ind2=" ">
    <subfield code="a">c.</subfield>
    <subfield code="b">rnk. res.</subfield>
    <subfield code="c">50 sm.</subfield>
  </datafield>
  <datafield tag="310" ind1=" " ind2=" ">
    <subfield code="a">Haftal&#x131;k</subfield>
  </datafield>
  <datafield tag="321" ind1=" " ind2=" ">
    <subfield code="a">G&#xFC;nl&#xFC;k</subfield>
  </datafield>
  <datafield tag="362" ind1=" " ind2=" ">
    <subfield code="a">(Ocak 1959)-</subfield>
  </datafield>
  <datafield tag="500" ind1=" " ind2=" ">
    <subfield code="a">Kurucusu: Mustafa Kemal ATAT&#xDC;RK</subfield>
  </datafield>
  <datafield tag="500" ind1=" " ind2=" ">
    <subfield code="a">"Gazete 1920-1934 "Hakimiyet-i milliye" 1934-1953 "Ulus"; 1953-1954 "Yeni ulus"; 1954-1955 "Halk&#xE7;&#x131;" ad&#x131;yla yay&#x131;nlanm&#x131;&#x15F;, 10 Haziran 1955 - Temmuz 1971 aras&#x131; "Ulus" ad&#x131;yla yay&#x131;mlanm&#x131;&#x15F;, 29 Temmuz 1971 - Nisan 1986 aras&#x131; "Bar&#x131;&#x15F;", 1987-1990 aras&#x131; "Meydan", 1993 y&#x131;l&#x131;ndan itibaren tekrar "Ulus"olarak yay&#x131;nlanmaya ba&#x15F;lam&#x131;&#x15F;t&#x131;r." (Milli K&#xFC;t&#xFC;phane)</subfield>
  </datafield>
  <datafield tag="520" ind1=" " ind2=" ">
    <subfield code="a">Siyasi haber gazetesi</subfield>
  </datafield>
  <datafield tag="550" ind1=" " ind2=" ">
    <subfield code="a">"Yay&#x131;mc&#x131; de&#x11F;i&#x15F;ikli&#x11F;i: Receb Z&#xFC;hd&#xFC;; &#x15E;eref Bal&#x131;&#x15F;&#x131;k; Yeni I&#x15F;&#x131;k Gazetecilik Matbaac&#x131;l&#x131;k A.&#x15E;.; Ulus Gazetecilik San. ve Tic. A.&#x15E;." (M.K)</subfield>
  </datafield>
  <datafield tag="650" ind1=" " ind2=" ">
    <subfield code="a">Siyaset</subfield>
    <subfield code="v">Gazeteler</subfield>
    <subfield code="x">Akt&#xFC;alite</subfield>
  </datafield>
  <datafield tag="650" ind1=" " ind2=" ">
    <subfield code="a">Yerel gazeteler</subfield>
    <subfield code="z">Ankara</subfield>
  </datafield>
  <datafield tag="651" ind1=" " ind2=" ">
    <subfield code="a">T&#xFC;rkiye</subfield>
    <subfield code="v">S&#xFC;reli yay&#x131;nlar</subfield>
    <subfield code="x">Siyaset ve y&#xF6;netim</subfield>
  </datafield>
  <datafield tag="655" ind1=" " ind2=" ">
    <subfield code="a">Yerel gazeteler</subfield>
    <subfield code="z">Ankara</subfield>
  </datafield>
  <datafield tag="780" ind1=" " ind2=" ">
    <subfield code="a">Yeni ulus</subfield>
  </datafield>
  <datafield tag="780" ind1=" " ind2=" ">
    <subfield code="a">Halk&#xE7;&#x131;</subfield>
  </datafield>
  <datafield tag="780" ind1=" " ind2=" ">
    <subfield code="a">Bar&#x131;&#x15F;</subfield>
  </datafield>
  <datafield tag="780" ind1=" " ind2=" ">
    <subfield code="a">Meydan</subfield>
  </datafield>
  <datafield tag="910" ind1=" " ind2=" ">
    <subfield code="a">GAZETE 2</subfield>
  </datafield>
  <datafield tag="942" ind1=" " ind2=" ">
    <subfield code="2">ddc</subfield>
    <subfield code="c">SER</subfield>
  </datafield>
  <datafield tag="952" ind1=" " ind2=" ">
    <subfield code="5">1</subfield>
    <subfield code="a">0001</subfield>
    <subfield code="b">0001</subfield>
    <subfield code="d">2017-02-12</subfield>
    <subfield code="f"> S&#xDC;REL&#x130; YAYINLAR</subfield>
    <subfield code="l">0</subfield>
    <subfield code="o">050 DER 159</subfield>
    <subfield code="p">G002</subfield>
    <subfield code="r">2017-02-12 00:00:00</subfield>
    <subfield code="v">0.00</subfield>
    <subfield code="w">2017-02-12</subfield>
    <subfield code="x"> </subfield>
    <subfield code="y">SER</subfield>
  </datafield>
  <datafield tag="999" ind1=" " ind2=" ">
    <subfield code="c">11427</subfield>
    <subfield code="d">11427</subfield>
  </datafield>
</record>
